It looks like you're offline.
Open Library logo
additional options menu

MARC Record from Scriblio

Record ID marc_records_scriblio_net/part21.dat:57984832:927
Source Scriblio
Download Link /show-records/marc_records_scriblio_net/part21.dat:57984832:927?format=raw

LEADER: 00927cam 2200241 a 4500
001 90001912
003 DLC
005 20020824203414.0
008 900417s1991 enkab 000 0 eng
010 $a 90001912
020 $a0521376815
040 $aDLC$cDLC$dDLC
050 10 $aPE1128$b.R4572 1991
082 00 $a428.2/4$220
100 1 $aRichards, Jack C.
245 10 $aInterchange :$bEnglish for international communication : student's book 2 /$cJack C. Richards with Jonathan Hull and Susan Proctor.
260 $aCambridge ;$aNew York :$bCambridge University Press,$c1991.
300 $axi, 134 p. :$bcol. ill., maps ;$c28 cm.
650 0 $aEnglish language$xTextbooks for foreign speakers.
650 0 $aCommunication, International$xProblems, exercises, etc.
700 1 $aHull, Jonathan,$d1949-
700 1 $aProctor, Susan,$d1945-
856 42 $3Publisher description$uhttp://www.loc.gov/catdir/description/cam024/90001912.html